О едином сельскохозяйственном налоге и облегчении обложения середняцкого крестьянства

Доступно только в Электронных читальных залах Найти на картеНа карте
RUSMARC
00003995nmc2a22002653x 450
0012e5b832a-077d-4061-baab-3fd9dfbbed47
00520230624122109.0
100##$a20230605l19291929k y0rusy50 ca
1010#$arus
$amul
102##$aRU
105##$aa z |||||
1222#$ad19290209
$ad19290812
2001#$aО едином сельскохозяйственном налоге и облегчении обложения середняцкого крестьянства
$j09.02.1929 - 12.08.1929
215##$a31 лист
$cтабл.
$d38,6 х 25,1
251##$cДело
300##$aЧасть текста на языках народов СССР
300##$aЛисты: 4-17 - брошюра; 18 - разрыв листа по нижнему краю
300##$aЧасть текста машинописная и рукописная, часть - напечатана типографским способом
324##$aВ деле имеются копии отдельных документов
461#0$1001796d4672-8a00-4986-b488-6e42273792cc
$12001
$aЦЕНТРАЛЬНЫЙ ИСПОЛНИТЕЛЬНЫЙ КОМИТЕТ СССР (ЦИК СССР).
$1251
$cФонд
$1852
$gР
$j3316
462#0$10016e6e8ba4-e15f-4ad4-8937-f1e88c150bfe
$12001
$aДела Секретариата Президиума ЦИК Союза ССР. 1929 г.
$vД. 444
$1251
$cОпись
$1852
$j22
60101$3RU\NLR\AUTH\880357276
$aСССР
$bЦИК
801#0$aRU
$bGA_RF
801#1$aRU
$bГлавНИВЦ
$c20230605
$2rusmarc
801#2$aRU
$bПБ им. Б.Н. Ельцина
$c20230624
$gRCR
$2rusmarc
852##$aГА РФ
$j444
937##$d185704451
$hГАРФ
035##$aRuPRLIB51071874
856##$uhttp://readingroom.main.prlib.ru/item.aspx?id_node=n185704451&mode=full
Формат отображения